The Terminator Franchise Cast - Sudden Death - Statistics

General Stats
  • This quiz has been taken 55 times
    49 since last reset
  • The average score is 8 of 15
Answers on the Grid
Answers color-coded by a green-red scale on the quiz's grid according to % correct below.
Arnold Schwarzenegger
O.J. Simpson
Linda Hamilton
Sam Worthington
Chris Tucker
Derek Mears
Lance Henriksen
Anton Yelchin
Tyrese Gibson
Edward Furlong
Megan Fox
Common
Angela Bassett
Jeffrey Wright
Michael Biehn
Emilia Clarke
Brittany Murphy
Devon Sawa
Helena Bonham Carter
Christian Bale
Kate Winslet
J.K. Simmons
Milla Jovovich
David Warner
Bill Paxton
Alanna Masterson
Matt Smith
50 Cent
Robert Patrick
Betty White
 
Answer Stats
Answer % Correct
Arnold Schwarzenegger
100%
Linda Hamilton
88%
Edward Furlong
65%
Emilia Clarke
65%
Michael Biehn
62%
Robert Patrick
59%
Christian Bale
56%
Sam Worthington
56%
Bill Paxton
50%
Lance Henriksen
41%
J.K. Simmons
32%
Anton Yelchin
26%
Helena Bonham Carter
26%
Common
21%
Matt Smith
15%
No matching quizzes found
Score Distribution
Percent of People with Each Score
Percentile by Number Answered
Your Score History
You have not taken this quiz since the last reset